000 00635nam a2200217Ia 4500
003 OSt
005 20220918192813.0
006 a|||||r|||| 00| 0
007 ta
008 220917b |||||||| |||| 00| 0 eng d
024 _a70,411
037 _cTextual
040 _aARTS
_cARTS
_beng
041 _2eng
_aeng
082 _aR3M3, K92
100 _aWahl Jean
_980245
245 0 _aPhilosophies of existence
_b introduction to the basic thought of kierkegard heidegger jaspers, marcel, sartre, tr from the French by F M Lory
260 _c1969
942 _hR3M3, K92
_cTEXL
_2CC
999 _c196509
_d196509